| 000 | 00963ntm a2200277 a 4500 | ||
|---|---|---|---|
| 001 | 75861 | ||
| 003 | BD-RjUL | ||
| 005 | 20211209082745.0 | ||
| 008 | 190731s2018 bg a|||| bm|| 00| 0 eng d | ||
| 035 | _a(BD-RjUL)76080 | ||
| 040 |
_aBD-RjUL _beng _cBD-RjUL _dBD-RjUL |
||
| 041 | _aeng | ||
| 082 |
_223 _a181.43 _bALF 2018 |
||
| 100 | 1 |
_aAlom, Md. Masud _9192603 |
|
| 245 | 1 | 0 |
_aThe feature of analytical approach to Navya Nyāya Philosophy / _cMd. Masud Alom ; _6Supervisor: Md. Akhtar Ali |
| 260 |
_aRajshahi : _bInstitute of Bangladesh Studies, University of Rajshahi, _c2018 |
||
| 300 |
_ax, 186 leaves ; _c29 cm. |
||
| 502 | _aThesis (Ph. D.) -- Institute of Bangladesh Studies, University of Rajshahi, 2018 | ||
| 504 | _aBibliography: Leaves [175]-186 | ||
| 600 |
_a _9232586 |
||
| 650 |
_aNavya Nyāya _991085 |
||
| 650 |
_a Nyaya. _9232587 |
||
| 650 |
_aLogic. _9232588 |
||
| 700 |
_aAli, Md. Akhtar, Supervisor _9232589 |
||
| 942 |
_2ddc _cTHE |
||
| 999 |
_c75861 _d75861 |
||